The second jungle book / (Record no. 186351)
[ view plain ]
| 000 -LEADER | |
|---|---|
| fixed length control field | 01014 a2200205 4500 |
| 003 - CONTROL NUMBER IDENTIFIER | |
| control field | NUST |
| 005 - DATE AND TIME OF LATEST TRANSACTION | |
| control field | 20230124182441.0 |
| 010 ## - LIBRARY OF CONGRESS CONTROL NUMBER | |
| LC control number | 2007583592 |
| 040 ## - CATALOGING SOURCE | |
| Transcribing agency | Nust |
| 082 ## - DEWEY DECIMAL CLASSIFICATION NUMBER | |
| Classification number | 823,KIP |
| 100 ## - MAIN ENTRY--PERSONAL NAME | |
| Personal name | Kipling, Rudyard, |
| 9 (RLIN) | 27956 |
| 245 ## - TITLE STATEMENT | |
| Title | The second jungle book / |
| Statement of responsibility, etc. | Rudyard Kipling ; |
| Medium | with decorations by Lockwood Kipling |
| 250 ## - EDITION STATEMENT | |
| Edition statement | School ed. |
| 260 ## - PUBLICATION, DISTRIBUTION, ETC. | |
| Place of publication, distribution, etc. | London |
| Name of publisher, distributor, etc. | Macmillian |
| Date of publication, distribution, etc. | 1936 |
| 300 ## - PHYSICAL DESCRIPTION | |
| Extent | 299 p.; |
| Other physical details | illus |
| Dimensions | 18 cm |
| 505 ## - FORMATTED CONTENTS NOTE | |
| Formatted contents note | How Fear Came (Page-3),The Law Of The Jungle (Page-29),The Miracle Of Purun Bhagat (Page-35),A Son Of Kabir (Page-58),Letting In The Jungle (Page-61),Mowgali,S Song Against People (Page-104),The Undertakers (Page-109),A Ripple Song (Page-144),The Kings Ankus (Page-147),The Song Of The Little Hunter (Page-76), Quiquern(Page-181), Angutivaun Taina(Page-217),Red Dog (Page-221),Chil,S Song (Page-259),The Spring Running (Page-263),The Out Song (Page-296). |
| 600 ## - SUBJECT ADDED ENTRY--PERSONAL NAME | |
| Personal name | Kipling, Rudyard, |
| 9 (RLIN) | 27956 |
| 650 ## - SUBJECT ADDED ENTRY--TOPICAL TERM | |
| Topical term or geographic name entry element | The second jungle book |
| 9 (RLIN) | 107571 |
| 942 ## - ADDED ENTRY ELEMENTS (KOHA) | |
| Source of classification or shelving scheme | |
| Koha item type | Book |
| Call number prefix | 823,KIP |
| Withdrawn status | Lost status | Source of classification or shelving scheme | Damaged status | Not for loan | Permanent Location | Current Location | Shelving location | Date acquired | Full call number | Barcode | Date last seen | Price effective from | Koha item type | Public note |
|---|---|---|---|---|---|---|---|---|---|---|---|---|---|---|
| Military College of Signals (MCS) | Military College of Signals (MCS) | General Stacks | 12/12/2016 | 823,KIP | MCS30139 | 12/08/2016 | 12/12/2016 | Book | Almirah No.57, Shelf No.6 |
